000 00619nam a2200217Ia 4500
005 20250508165010.0
008 008 250505s9999 xx 000 0 eng d
020 _a978-1-4051-7944-7
037 _aReference
040 _aFEDL
_beng
_cFEDL
041 _aeng
_2eng
084 _a305.23, HOW/RR
_qFEDL
100 _aHowe Christine
_9170149
245 0 _aPeer groups and children's development
260 _aSurrey
_bWiley-Blackwell
_c2010
300 _a233p.
365 _aUSD
_b39.95
490 _aUnderstanding children's worlds
942 _cREF
_h305.23, HOW/RR
999 _c1392563
_d1392563